| 000 | 00643nam a2200217 4500 | ||
|---|---|---|---|
| 003 | OSt | ||
| 005 | 20260530115256.0 | ||
| 008 | 260506b1991 |||a|||| |||| 001 0cspa d | ||
| 040 |
_aICI _bspa _cICI |
||
| 050 |
_aTJ218 _bE74 |
||
| 100 | 1 |
_aE. Erdei, Guillermo _930507 |
|
| 245 | 1 | 0 |
_aCódigo de Barras: _bDiseño, impresión y control de calidad. _cGuillermo E. Erdei |
| 250 | _aTercera edición | ||
| 264 | 1 |
_bMcGraw-Hill _c1991 _aMéxico |
|
| 300 | _a206 páginas | ||
| 336 |
_atexto _2rdacontent |
||
| 337 |
_asin medio _2rdamedia |
||
| 338 |
_avolumen _2rdacarrier |
||
| 650 |
_aSistemas binarios de control _930508 |
||
| 942 |
_2ddc _cBK _n1 |
||
| 999 |
_c12612 _d12612 |
||